[Event "GER AK-1847 email"]
[Site "GER email"]
[Date "2014.03.03"]
[Round "?"]
[White "Kettl, Hans Peter"]
[Black "Hoehne, Ernst"]
[Result "0-1"]
[WhiteElo "1573"]
[BlackElo "2020"]
[PlyCount "56"]
[EventDate "2014.03.10"]
[EventType "tourn (corr)"]
[EventRounds "6"]
[EventCountry "GER"]
[SourceTitle "Corr 2015"]
[Source "ChessBase"]
[SourceDate "2015.07.17"]
[SourceVersion "1"]
[SourceVersionDate "2015.07.17"]
[SourceQuality "1"]

1. f4 d5 2. Nf3 e6 3. e3 Nf6 4. d3 c5 5. Be2 Nc6 6. 0-0 Be7 7. Qe1 0-0 8. Nbd2 Bd7 9. h3 Qc7 10. b3 Bd6 11. Bb2 e5 12. fxe5 Nxe5 13. c4 Bf5 14. Nxe5 Bxe5 15. d4 Bh2+ 16. Kh1 Bg6 17. Nf3 Bg3 18. Qd1 Rad8 19. Rc1 Ne4 20. Kg1 Rfe8 21. cxd5 Nf6 22. Rxc5 Qe7 23. Qc1 Nxd5 24. Ne5 b6 25. Rxd5 Rxd5 26. Nxg6 hxg6 27. Bc4 Rf5 28. Rf3 Rxf3 0-1

[Event "GER AK-1846 email"]
[Site "GER email"]
[Date "2014.02.10"]
[Round "?"]
[White "Denker, Hans Peter"]
[Black "Kettl, Hans Peter"]
[Result "0-1"]
[WhiteElo "1307"]
[BlackElo "1573"]
[PlyCount "52"]
[EventDate "2014.02.17"]
[EventType "tourn (corr)"]
[EventRounds "6"]
[EventCountry "GER"]
[SourceTitle "Corr 2015"]
[Source "ChessBase"]
[SourceDate "2015.07.17"]
[SourceVersion "1"]
[SourceVersionDate "2015.07.17"]
[SourceQuality "1"]

1. e4 e6 2. d4 d5 3. Nc3 Bb4 4. Bd2 dxe4 5. Nb5 Be7 6. Bf4 Na6 7. Nc3 Nf6 8. Bxa6 bxa6 9. Nge2 0-0 10. 0-0 Bb7 11. Ng3 c5 12. dxc5 Bxc5 13. Bg5 Be7 14. Bxf6 Bxf6 15. Ncxe4 Bxe4 16. Nxe4 Bxb2 17. Rb1 Ba3 18. Rb3 Be7 19. Qh5 Rc8 20. Rh3 h6 21. Rg3 Kh7 22. Qe5 Rg8 23. f4 Qb6+ 24. Kh1 Qb5 25. Qxb5 axb5 26. Ra3 Bxa3 0-1

[Event "GER-Cup20 E/V02 email"]
[Site "GER email"]
[Date "2013.12.04"]
[Round "?"]
[White "Denker, Hans Peter"]
[Black "Kettl, Hans Peter"]
[Result "0-1"]
[WhiteElo "1307"]
[BlackElo "1573"]
[PlyCount "24"]
[EventDate "2013.12.13"]
[EventType "tourn (corr)"]
[EventRounds "4"]
[EventCountry "GER"]
[SourceTitle "Corr 2015"]
[Source "ChessBase"]
[SourceDate "2015.07.17"]
[SourceVersion "1"]
[SourceVersionDate "2015.07.17"]
[SourceQuality "1"]

1. e4 e6 2. d4 d5 3. Nc3 Bb4 4. Bd2 dxe4 5. Qe2 Bxc3 6. Bxc3 Nf6 7. 0-0-0 Qd5 8. Bb4 Qxa2 9. Qb5+ Nc6 10. Bc4 Qa1+ 11. Kd2 Qxb2 12. Ne2 Qxb4+ 0-1

[Event "GER AK-1840 email"]
[Site "GER email"]
[Date "2013.09.24"]
[Round "?"]
[White "Denker, Hans Peter"]
[Black "Kettl, Hans Peter"]
[Result "0-1"]
[WhiteElo "1311"]
[BlackElo "1573"]
[PlyCount "54"]
[EventDate "2013.10.01"]
[EventType "tourn (corr)"]
[EventRounds "6"]
[EventCountry "GER"]
[SourceTitle "Corr 2015"]
[Source "ChessBase"]
[SourceDate "2015.07.17"]
[SourceVersion "1"]
[SourceVersionDate "2015.07.17"]
[SourceQuality "1"]

1. b4 e5 2. Bb2 Bxb4 3. Bxe5 Nf6 4. Nf3 0-0 5. c3 Be7 6. e3 d5 7. Bd3 c5 8. Bxf6 Bxf6 9. h3 Re8 10. Qc2 g6 11. 0-0 Nc6 12. Na3 c4 13. Be2 a6 14. d4 cxd3 15. Bxd3 Qe7 16. Rae1 Qxa3 17. Nh2 Qxc3 18. Rc1 Qxc2 19. Bxc2 Be6 20. Ba4 Rac8 21. Rc2 Re7 22. Rfc1 Rec7 23. Nf3 Bd8 24. Rd2 Na5 25. Rxc7 Rxc7 26. e4 Rc1+ 27. Kh2 Bc7+ 0-1

[Event "GER AK-1840 email"]
[Site "GER email"]
[Date "2013.09.24"]
[Round "?"]
[White "Kettl, Hans Peter"]
[Black "Denker, Hans Peter"]
[Result "1/2-1/2"]
[WhiteElo "1573"]
[BlackElo "1311"]
[PlyCount "43"]
[EventDate "2013.10.01"]
[EventType "tourn (corr)"]
[EventRounds "6"]
[EventCountry "GER"]
[SourceTitle "Corr 2015"]
[Source "ChessBase"]
[SourceDate "2015.07.17"]
[SourceVersion "1"]
[SourceVersionDate "2015.07.17"]
[SourceQuality "1"]

1. d4 f5 2. Bg5 g6 3. Nc3 Bg7 4. h4 Nf6 5. h5 c6 6. hxg6 hxg6 7. Rxh8+ Bxh8 8. Nf3 d6 9. e3 Be6 10. Nh4 Bf7 11. Be2 Nbd7 12. Qd3 Qb6 13. b3 Qa5 14. Kf1 0-0-0 15. Nf3 e5 16. Qd2 Re8 17. dxe5 Nxe5 18. Rd1 Nxf3 19. Bxf3 d5 20. Ne4 Qxd2 21. Nxd2 Ne4 22. Nxe4 1/2-1/2

[Event "GER AK-1837 email"]
[Site "GER email"]
[Date "2013.06.07"]
[Round "?"]
[White "Harf, Heinz"]
[Black "Kettl, Hans Peter"]
[Result "0-1"]
[WhiteElo "1982"]
[BlackElo "1573"]
[PlyCount "48"]
[EventDate "2013.06.13"]
[EventType "tourn (corr)"]
[EventRounds "6"]
[EventCountry "GER"]
[SourceTitle "Corr 2015"]
[Source "ChessBase"]
[SourceDate "2015.07.17"]
[SourceVersion "1"]
[SourceVersionDate "2015.07.17"]
[SourceQuality "1"]

1. e4 e6 2. d4 d5 3. Nc3 Bb4 4. a3 Bxc3+ 5. bxc3 dxe4 6. Qg4 Nf6 7. Qxg7 Rg8 8. Qh6 Nbd7 9. Nh3 c5 10. Be2 Qa5 11. Bd2 cxd4 12. cxd4 Qf5 13. 0-0 b6 14. Bb4 Bb7 15. Nf4 Rc8 16. Rac1 a5 17. Bd6 Rc6 18. Be5 Nxe5 19. dxe5 Qxe5 20. Nh5 Nxh5 21. Bxh5 Rg5 22. g4 Qf4 23. c4 Rxg4+ 24. Bxg4 Qxh6 0-1

[Event "GER AK-1837 email"]
[Site "GER email"]
[Date "2013.06.07"]
[Round "?"]
[White "Kettl, Hans Peter"]
[Black "Harf, Heinz"]
[Result "1-0"]
[WhiteElo "1573"]
[BlackElo "1982"]
[PlyCount "61"]
[EventDate "2013.06.13"]
[EventType "tourn (corr)"]
[EventRounds "6"]
[EventCountry "GER"]
[SourceTitle "Corr 2015"]
[Source "ChessBase"]
[SourceDate "2015.07.17"]
[SourceVersion "1"]
[SourceVersionDate "2015.07.17"]
[SourceQuality "1"]

1. d4 Nf6 2. c4 e6 3. Nc3 Bb4 4. f3 d5 5. a3 Be7 6. e4 dxe4 7. fxe4 e5 8. d5 Bc5 9. Nf3 Bg4 10. h3 Bxf3 11. Qxf3 0-0 12. Bd3 c6 13. Ne2 Qb6 14. b4 Bd4 15. Ra2 c5 16. Nxd4 cxd4 17. c5 Qd8 18. 0-0 Nbd7 19. Bg5 a6 20. c6 bxc6 21. dxc6 Nb6 22. Rc2 Qd6 23. Bxf6 gxf6 24. Qxf6 Qxf6 25. Rxf6 Ra7 26. c7 Rc8 27. Rxb6 Raxc7 28. Rxc7 Rxc7 29. Bxa6 Rd7 30. Bb5 Rd8 31. Bd3 1-0

[Event "GER AK-1837 email"]
[Site "GER email"]
[Date "2013.06.07"]
[Round "?"]
[White "Kettl, Hans Peter"]
[Black "Ipek Yilmaz, Eser"]
[Result "1/2-1/2"]
[WhiteElo "1573"]
[BlackElo "1529"]
[PlyCount "44"]
[EventDate "2013.06.13"]
[EventType "tourn (corr)"]
[EventRounds "6"]
[EventCountry "GER"]
[SourceTitle "Corr 2015"]
[Source "ChessBase"]
[SourceDate "2015.07.17"]
[SourceVersion "1"]
[SourceVersionDate "2015.07.17"]
[SourceQuality "1"]

1. f4 g6 2. e4 b6 3. Nf3 Bg7 4. d4 Bb7 5. Bd3 c6 6. Be3 Qc7 7. Nbd2 c5 8. c3 Nc6 9. d5 Nd8 10. 0-0 h6 11. Rb1 h5 12. c4 h4 13. Qe1 h3 14. g3 e6 15. Rf2 Ne7 16. Bf1 f6 17. Nh4 f5 18. b4 Bf6 19. bxc5 bxc5 20. Re2 Bxh4 21. gxh4 d6 22. Bxh3 Rh5 1/2-1/2

[Event "GER Cup19 E/V02 email"]
[Site "GER email"]
[Date "2013.04.01"]
[Round "?"]
[White "Buchhauser, Gerhard"]
[Black "Kettl, Hans Peter"]
[Result "0-1"]
[WhiteElo "1823"]
[BlackElo "1557"]
[PlyCount "34"]
[EventDate "2013.04.08"]
[EventType "tourn (corr)"]
[EventRounds "4"]
[EventCountry "GER"]
[SourceTitle "Corr 2015"]
[Source "ChessBase"]
[SourceDate "2015.07.17"]
[SourceVersion "1"]
[SourceVersionDate "2015.07.17"]
[SourceQuality "1"]

1. e4 e6 2. d4 d5 3. Bd3 dxe4 4. Bxe4 Nf6 5. Bg5 c5 6. Bxf6 Qxf6 7. Nf3 Nc6 8. Bxc6+ bxc6 9. c3 cxd4 10. Nxd4 Rb8 11. Qc2 Bc5 12. Nf3 Ba6 13. Nbd2 Rd8 14. c4 Bb6 15. 0-0 0-0 16. Rfd1 Qf5 17. Qxf5 exf5 0-1

[Event "GER Cup19 E/V02 email"]
[Site "GER email"]
[Date "2013.04.01"]
[Round "?"]
[White "Kettl, Hans Peter"]
[Black "Meyer, Jochen"]
[Result "0-1"]
[WhiteElo "1557"]
[BlackElo "1798"]
[PlyCount "80"]
[EventDate "2013.04.08"]
[EventType "tourn (corr)"]
[EventRounds "4"]
[EventCountry "GER"]
[SourceTitle "Corr 2015"]
[Source "ChessBase"]
[SourceDate "2015.07.17"]
[SourceVersion "1"]
[SourceVersionDate "2015.07.17"]
[SourceQuality "1"]

1. c4 Nf6 2. g3 e6 3. Bg2 d5 4. Nf3 dxc4 5. Na3 Bxa3 6. bxa3 b5 7. Ne5 Nd5 8. d3 Qf6 9. d4 Nd7 10. 0-0 0-0 11. e4 N5b6 12. f4 Qe7 13. Nc6 Qe8 14. f5 e5 15. a4 Nxa4 16. Ba3 Bb7 17. Na5 Ba6 18. Nc6 f6 19. Bxf8 Qxf8 20. dxe5 Qc5+ 21. Qd4 Qxd4+ 22. Nxd4 Nxe5 23. Ne6 Rc8 24. Rfd1 b4 25. Rd5 Nc3 26. Rc5 Bb5 27. Rxc7 Rxc7 28. Nxc7 Bc6 29. Nd5 Bxd5 30. exd5 b3 31. axb3 cxb3 32. Rxa7 b2 33. Rb7 b1Q+ 34. Rxb1 Nxb1 35. Kf2 Kf7 36. Ke3 Ke7 37. Kd4 Kd6 38. h3 Na3 39. Bf1 Nc2+ 40. Ke4 Nb4 0-1

[Event "GER AK-1832 email"]
[Site "GER email"]
[Date "2013.02.13"]
[Round "?"]
[White "Renzel, Hans Joerg"]
[Black "Kettl, Hans Peter"]
[Result "1-0"]
[WhiteElo "2073"]
[BlackElo "1557"]
[PlyCount "77"]
[EventDate "2013.02.25"]
[EventType "tourn (corr)"]
[EventRounds "6"]
[EventCountry "GER"]
[SourceTitle "Corr 2015"]
[Source "ChessBase"]
[SourceDate "2015.07.17"]
[SourceVersion "1"]
[SourceVersionDate "2015.07.17"]
[SourceQuality "1"]

1. d4 Nf6 2. c4 c5 3. d5 b5 4. Qc2 bxc4 5. e4 e6 6. Bxc4 exd5 7. exd5 Be7 8. Nc3 d6 9. Nge2 0-0 10. 0-0 Nbd7 11. Ng3 Nb6 12. b3 Nxc4 13. bxc4 Rb8 14. Bd2 Re8 15. h3 g6 16. Rab1 Rxb1 17. Rxb1 Bf8 18. Qa4 Qd7 19. Qxd7 Nxd7 20. Bf4 Ba6 21. Nge4 Rd8 22. Bxd6 Bxd6 23. Nxd6 Nb6 24. Ndb5 Nxc4 25. Nxa7 Kg7 26. a4 f5 27. Nc6 Rd6 28. Rb8 Nd2 29. a5 Ne4 30. Nxe4 fxe4 31. Rb6 Bc4 32. a6 Rxd5 33. a7 Rd1+ 34. Kh2 Ra1 35. Rb8 Bd5 36. a8Q Rxa8 37. Rxa8 Bxc6 38. Rc8 Bb7 39. Rc7+ 1-0

[Event "GER AK-1831 email"]
[Site "GER email"]
[Date "2013.01.10"]
[Round "?"]
[White "Duchene, Klaus"]
[Black "Kettl, Hans Peter"]
[Result "1-0"]
[WhiteElo "1703"]
[BlackElo "1573"]
[PlyCount "29"]
[EventDate "2013.01.28"]
[EventType "tourn (corr)"]
[EventRounds "6"]
[EventCountry "GER"]
[SourceTitle "Corr 2015"]
[Source "ChessBase"]
[SourceDate "2015.07.17"]
[SourceVersion "1"]
[SourceVersionDate "2015.07.17"]
[SourceQuality "1"]

1. c4 c5 2. g3 g6 3. Bg2 Bg7 4. Nc3 Nc6 5. e3 e5 6. Nge2 Nge7 7. 0-0 0-0 8. d3 d6 9. Rb1 Rb8 10. a3 a5 11. b4 axb4 12. axb4 Nxb4 13. Ba3 Na6 14. Nb5 Nc7 15. Na7 1-0

[Event "GER AK-1831 email"]
[Site "GER email"]
[Date "2013.01.10"]
[Round "?"]
[White "Kettl, Hans Peter"]
[Black "Duchene, Klaus"]
[Result "1-0"]
[WhiteElo "1573"]
[BlackElo "1703"]
[PlyCount "47"]
[EventDate "2013.01.28"]
[EventType "tourn (corr)"]
[EventRounds "6"]
[EventCountry "GER"]
[SourceTitle "Corr 2015"]
[Source "ChessBase"]
[SourceDate "2015.07.17"]
[SourceVersion "1"]
[SourceVersionDate "2015.07.17"]
[SourceQuality "1"]

1. d4 Nf6 2. c4 d5 3. cxd5 Qxd5 4. Nc3 Qd8 5. Nf3 Bg4 6. Ne5 Nbd7 7. Nxg4 Nxg4 8. e4 h5 9. Be2 e5 10. Bxg4 hxg4 11. Qxg4 Nf6 12. Qe2 Bd6 13. dxe5 Bxe5 14. Qb5+ c6 15. Qxe5+ Qe7 16. Qxe7+ Kxe7 17. Bg5 Rad8 18. e5 Rh5 19. exf6+ gxf6 20. Be3 Re5 21. 0-0 Kf8 22. Rad1 Rxd1 23. Rxd1 b6 24. g3 1-0

[Event "GER AK-1830 email"]
[Site "GER email"]
[Date "2012.12.13"]
[Round "?"]
[White "Kettl, Hans Peter"]
[Black "Eife, Gunter"]
[Result "1/2-1/2"]
[WhiteElo "1557"]
[BlackElo "1768"]
[PlyCount "48"]
[EventDate "2012.12.20"]
[EventType "tourn (corr)"]
[EventRounds "6"]
[EventCountry "GER"]
[SourceTitle "Corr 2015"]
[Source "ChessBase"]
[SourceDate "2015.07.17"]
[SourceVersion "1"]
[SourceVersionDate "2015.07.17"]
[SourceQuality "1"]

1. d4 Nf6 2. c4 e6 3. Nc3 d5 4. cxd5 exd5 5. Bg5 Be7 6. Qc2 c6 7. e3 Nbd7 8. Bd3 0-0 9. Nge2 Re8 10. 0-0 Nf8 11. f3 Nh5 12. Bxe7 Qxe7 13. e4 dxe4 14. fxe4 Be6 15. Rf2 g6 16. Raf1 f6 17. Nf4 Nxf4 18. Rxf4 Nd7 19. Qf2 Rf8 20. d5 cxd5 21. exd5 Bf7 22. Bb5 f5 23. d6 Qd8 24. Qg3 Kh8 1/2-1/2

[Event "GER AK-1830 email"]
[Site "GER email"]
[Date "2012.12.13"]
[Round "?"]
[White "Werner, Guenter"]
[Black "Kettl, Hans Peter"]
[Result "0-1"]
[WhiteElo "1628"]
[BlackElo "1557"]
[PlyCount "74"]
[EventDate "2012.12.20"]
[EventType "tourn (corr)"]
[EventRounds "6"]
[EventCountry "GER"]
[SourceTitle "Corr 2015"]
[Source "ChessBase"]
[SourceDate "2015.07.17"]
[SourceVersion "1"]
[SourceVersionDate "2015.07.17"]
[SourceQuality "1"]

1. c4 c5 2. Nc3 Nc6 3. Nf3 g6 4. g3 Bg7 5. Bg2 e5 6. d3 Nge7 7. 0-0 0-0 8. e4 d6 9. Nh4 Nd4 10. Ne2 Rb8 11. Nxd4 cxd4 12. f4 f5 13. Qf3 b5 14. fxe5 dxe5 15. Qe2 bxc4 16. Bg5 cxd3 17. Qxd3 Bf6 18. Bxf6 Rxf6 19. Rab1 Ba6 20. Qf3 Bxf1 21. Bxf1 Kg7 22. Bh3 f4 23. b3 fxg3 24. Qxg3 d3 25. Rd1 Qd4+ 26. Kh1 Qxe4+ 27. Bg2 Qe2 28. Qxd3 Rf2 29. Qxe2 Rxe2 30. Ra1 Rd8 31. Bf1 Rf2 32. Kg1 Rdd2 33. Ng2 Nf5 34. a4 Nd4 35. b4 Nf3+ 36. Kh1 Rd4 37. Ne1 Rxh2# 0-1

[Event "GER-Cup16 E/V01 email"]
[Site "GER email"]
[Date "2012.12.10"]
[Round "?"]
[White "Hammerschmidt, Volker"]
[Black "Kettl, Hans Peter"]
[Result "1-0"]
[WhiteElo "1769"]
[BlackElo "1557"]
[PlyCount "57"]
[EventDate "2012.12.19"]
[EventType "tourn (corr)"]
[EventRounds "4"]
[EventCountry "GER"]
[SourceTitle "Corr 2015"]
[Source "ChessBase"]
[SourceDate "2015.07.17"]
[SourceVersion "1"]
[SourceVersionDate "2015.07.17"]
[SourceQuality "1"]

1. e4 e6 2. d3 c5 3. Nf3 Nc6 4. g3 Nge7 5. Bg2 g6 6. h4 h6 7. 0-0 Bg7 8. c3 d5 9. Qe2 0-0 10. e5 b6 11. Re1 Ba6 12. Bf4 Qc7 13. Nbd2 Rfd8 14. a3 Nf5 15. b4 Rab8 16. Reb1 Bb7 17. Nb3 d4 18. b5 Nce7 19. c4 Kh7 20. Nbd2 Rf8 21. Ne4 Nc8 22. a4 a5 23. bxa6 Bxa6 24. g4 Nfe7 25. Qd2 Ng8 26. a5 Bb7 27. axb6 Nxb6 28. Ra7 Nc8 29. Qa5 1-0

[Event "GER-Cup16 E/V01 email"]
[Site "GER email"]
[Date "2012.12.10"]
[Round "?"]
[White "Kettl, Hans Peter"]
[Black "Nonnenmacher, Thomas"]
[Result "1/2-1/2"]
[WhiteElo "1557"]
[BlackElo "1655"]
[PlyCount "44"]
[EventDate "2012.12.19"]
[EventType "tourn (corr)"]
[EventRounds "4"]
[EventCountry "GER"]
[SourceTitle "Corr 2015"]
[Source "ChessBase"]
[SourceDate "2015.07.17"]
[SourceVersion "1"]
[SourceVersionDate "2015.07.17"]
[SourceQuality "1"]

1. d4 Nf6 2. c4 c5 3. d5 e6 4. Nc3 exd5 5. cxd5 d6 6. e4 g6 7. Nge2 Bg7 8. Ng3 a6 9. a4 h5 10. Be2 h4 11. Nf1 Nh7 12. Bf4 0-0 13. Nd2 g5 14. Be3 f5 15. exf5 Bxf5 16. Nc4 Qc7 17. 0-0 Nd7 18. Qd2 Nb6 19. Bxg5 Nxg5 20. Qxg5 Nxc4 21. Bxc4 Qb6 22. Nd1 Qd8 1/2-1/2

[Event "GER AK-1829 email"]
[Site "GER email"]
[Date "2012.11.26"]
[Round "?"]
[White "Denker, Hans Peter"]
[Black "Kettl, Hans Peter"]
[Result "0-1"]
[WhiteElo "1311"]
[BlackElo "1557"]
[PlyCount "50"]
[EventDate "2012.12.03"]
[EventType "tourn (corr)"]
[EventRounds "6"]
[EventCountry "GER"]
[SourceTitle "Corr 2015"]
[Source "ChessBase"]
[SourceDate "2015.07.17"]
[SourceVersion "1"]
[SourceVersionDate "2015.07.17"]
[SourceQuality "1"]

1. e4 e6 2. Qe2 Nf6 3. d4 c5 4. e5 Nd5 5. c4 Nb4 6. a3 Qa5 7. Kd1 cxd4 8. b3 d6 9. Bb2 N4c6 10. exd6 Bxd6 11. Qg4 0-0 12. Nf3 e5 13. Qh4 Be7 14. Qg3 Nd7 15. Bd3 Nc5 16. b4 Qb6 17. Nfd2 a5 18. b5 f5 19. Bc1 e4 20. Bxe4 fxe4 21. bxc6 bxc6 22. Re1 Bf5 23. Nf1 Bh4 24. Qxh4 Qb3+ 25. Ke2 Qd3# 0-1

[Event "GER AK-1829 email"]
[Site "GER email"]
[Date "2012.11.26"]
[Round "?"]
[White "Kettl, Hans Peter"]
[Black "Halfmeier, Hartmut"]
[Result "1-0"]
[WhiteElo "1557"]
[BlackElo "1663"]
[PlyCount "31"]
[EventDate "2012.12.03"]
[EventType "tourn (corr)"]
[EventRounds "6"]
[EventCountry "GER"]
[SourceTitle "Corr 2015"]
[Source "ChessBase"]
[SourceDate "2015.07.17"]
[SourceVersion "1"]
[SourceVersionDate "2015.07.17"]
[SourceQuality "1"]

1. d4 d5 2. Nf3 Nf6 3. e3 e6 4. Bd3 c5 5. b3 Nc6 6. 0-0 Bd6 7. Bb2 cxd4 8. exd4 0-0 9. a3 a5 10. Nbd2 Bd7 11. Ne5 Rc8 12. f4 Qb6 13. Ndf3 a4 14. b4 Ne4 15. Nxd7 Qc7 16. Nxf8 1-0

[Event "GER AK-1829 email"]
[Site "GER email"]
[Date "2012.11.26"]
[Round "?"]
[White "Kettl, Hans Peter"]
[Black "Harf, Heinz"]
[Result "1-0"]
[WhiteElo "1557"]
[BlackElo "1982"]
[PlyCount "47"]
[EventDate "2012.12.03"]
[EventType "tourn (corr)"]
[EventRounds "6"]
[EventCountry "GER"]
[SourceTitle "Corr 2015"]
[Source "ChessBase"]
[SourceDate "2015.07.17"]
[SourceVersion "1"]
[SourceVersionDate "2015.07.17"]
[SourceQuality "1"]

1. d4 d5 2. Nf3 Nc6 3. e3 Bg4 4. h3 Bxf3 5. Qxf3 Nf6 6. a3 e6 7. c4 Na5 8. cxd5 Nb3 9. Bb5+ Nd7 10. dxe6 fxe6 11. d5 c6 12. dxc6 bxc6 13. Bxc6 Rc8 14. 0-0 Nxa1 15. Rd1 Rc7 16. Nc3 a6 17. Ba4 Qc8 18. Qh5+ g6 19. Qe5 Kf7 20. Qxh8 Nf6 21. e4 e5 22. Bg5 Qe6 23. Bxf6 Qxf6 24. Qxf6+ 1-0

[Event "GER AK-1827 email"]
[Site "GER email"]
[Date "2012.10.11"]
[Round "?"]
[White "Kettl, Hans Peter"]
[Black "Vieth, Martin"]
[Result "1-0"]
[WhiteElo "1557"]
[BlackElo "1962"]
[PlyCount "52"]
[EventDate "2012.10.15"]
[EventType "tourn (corr)"]
[EventRounds "6"]
[EventCountry "GER"]
[SourceTitle "Corr 2015"]
[Source "ChessBase"]
[SourceDate "2015.07.17"]
[SourceVersion "1"]
[SourceVersionDate "2015.07.17"]
[SourceQuality "1"]

1. d4 g6 2. c4 Bg7 3. e4 d6 4. Nc3 Nf6 5. f4 e6 6. Nf3 0-0 7. Bd3 Nc6 8. Be3 Ng4 9. Bg1 f5 10. h3 Nh6 11. e5 dxe5 12. dxe5 Nb4 13. Be2 Nf7 14. Bc5 Qxd1+ 15. Rxd1 Rd8 16. Rxd8+ Nxd8 17. Bxb4 Nc6 18. Bc5 b6 19. Bf2 Bb7 20. 0-0 Rd8 21. Rd1 Rc8 22. Nb5 a6 23. Nbd4 Nxd4 24. Nxd4 Kf7 25. Bf3 Bxf3 26. Nxf3 Ke7 1-0

[Event "GER AK-1827 email"]
[Site "GER email"]
[Date "2012.10.08"]
[Round "?"]
[White "Kettl, Hans Peter"]
[Black "Harf, Heinz"]
[Result "1-0"]
[WhiteElo "1557"]
[BlackElo "1984"]
[PlyCount "91"]
[EventDate "2012.10.15"]
[EventType "tourn (corr)"]
[EventRounds "6"]
[EventCountry "GER"]
[SourceTitle "Corr 2015"]
[Source "ChessBase"]
[SourceDate "2015.07.17"]
[SourceVersion "1"]
[SourceVersionDate "2015.07.17"]
[SourceQuality "1"]

1. d4 Nf6 2. c4 b5 3. cxb5 a6 4. bxa6 Bxa6 5. g3 g6 6. Bg2 d5 7. Nc3 Bg7 8. Nf3 0-0 9. 0-0 e6 10. Re1 Nbd7 11. Bf4 c6 12. Rc1 Nh5 13. Bd6 Re8 14. Na4 Bb5 15. Nc3 Ba6 16. e4 Nb6 17. Bc5 Nd7 18. Ba3 Bf8 19. Bxf8 Rxf8 20. a3 Rc8 21. e5 Nb6 22. Na4 Nxa4 23. Qxa4 Qb6 24. Rc5 Bb5 25. Qc2 Ra8 26. Rc1 Rfc8 27. Bf1 Bxf1 28. Kxf1 Ra6 29. Ne1 Qb7 30. Nd3 Rb6 31. Nb4 Rf8 32. Rxc6 Rxc6 33. Qxc6 Qxc6 34. Rxc6 Ng7 35. Ke2 Nf5 36. Kd3 Ne7 37. Rc1 Kg7 38. Na6 Nc8 39. b4 Nb6 40. Nc5 Nc4 41. a4 Rc8 42. Rb1 Ra8 43. Kc3 Rc8 44. b5 Nxe5 45. b6 Nd7 46. b7 1-0

[Event "GER AK-1825 email"]
[Site "GER email"]
[Date "2012.09.19"]
[Round "?"]
[White "Kettl, Hans Peter"]
[Black "Cremer, Hans Peter"]
[Result "1-0"]
[WhiteElo "1573"]
[BlackElo "1315"]
[PlyCount "61"]
[EventDate "2012.09.20"]
[EventType "tourn (corr)"]
[EventRounds "6"]
[EventCountry "GER"]
[SourceTitle "Corr 2015"]
[Source "ChessBase"]
[SourceDate "2015.07.17"]
[SourceVersion "1"]
[SourceVersionDate "2015.07.17"]
[SourceQuality "1"]

1. d4 d6 2. c4 Nf6 3. Nc3 g6 4. e4 Bg7 5. f3 0-0 6. Be3 c6 7. Nge2 Qa5 8. a3 Nbd7 9. b4 Qc7 10. Rc1 a6 11. a4 b5 12. axb5 axb5 13. cxb5 cxb5 14. Nxb5 Qb6 15. Nec3 Ba6 16. Qd2 Bxb5 17. Nxb5 Ra4 18. Be2 Rfa8 19. 0-0 Ra2 20. Rc2 Rxc2 21. Qxc2 Ne5 22. Qc3 Ned7 23. Ra1 Rxa1+ 24. Qxa1 Ne8 25. Qa8 Kf8 26. Qc8 Nb8 27. Kf2 Nc6 28. d5 Nd4 29. Bc4 h6 30. Kf1 f6 31. Bxd4 1-0

[Event "GER-Cup14 E/V01 email"]
[Site "GER email"]
[Date "2012.08.28"]
[Round "?"]
[White "Wilshusen, Horst"]
[Black "Kettl, Hans Peter"]
[Result "1-0"]
[WhiteElo "1530"]
[BlackElo "1557"]
[PlyCount "87"]
[EventDate "2012.09.05"]
[EventType "tourn (corr)"]
[EventRounds "4"]
[EventCountry "GER"]
[SourceTitle "Corr 2015"]
[Source "ChessBase"]
[SourceDate "2015.07.17"]
[SourceVersion "1"]
[SourceVersionDate "2015.07.17"]
[SourceQuality "1"]

1. e4 e6 2. d4 d5 3. Nc3 Bb4 4. e5 c5 5. a3 Bxc3+ 6. bxc3 Ne7 7. Nf3 Nbc6 8. Bd2 c4 9. g3 Qa5 10. a4 Bd7 11. Bh3 f6 12. exf6 gxf6 13. Qe2 Nd8 14. 0-0 Ng6 15. Kh1 0-0 16. Rfb1 Qc7 17. Ne1 e5 18. Bxd7 Qxd7 19. Ng2 Re8 20. Qh5 Qc6 21. Rb5 Ne6 22. Rab1 b6 23. Be3 Nc7 24. R5b4 Na6 25. Rb5 Nc7 26. R5b4 Na6 27. R4b2 Qxa4 28. Nh4 Nxh4 29. gxh4 Kh8 30. Qf7 Rf8 31. Qxd5 Nc7 32. Qd6 Rac8 33. dxe5 Qe8 34. Rg1 fxe5 35. Bd4 Rf5 36. f4 exd4 37. Qxd4+ Re5 38. Rbb1 Qc6+ 39. Rg2 Rce8 40. fxe5 Ne6 41. Qe3 Rf8 42. Qg3 b5 43. h3 Qf3 44. Rxb5 1-0

[Event "GER-ch 2012-C-V4 serv"]
[Site "GER email"]
[Date "2012.07.06"]
[Round "?"]
[White "Dorer, Manfred"]
[Black "Kettl, Hans Peter"]
[Result "1-0"]
[WhiteElo "2152"]
[BlackElo "1557"]
[PlyCount "61"]
[EventDate "2012.07.12"]
[EventType "tourn (corr)"]
[EventRounds "6"]
[EventCountry "GER"]
[SourceTitle "Corr 2015"]
[Source "ChessBase"]
[SourceDate "2015.07.17"]
[SourceVersion "1"]
[SourceVersionDate "2015.07.17"]
[SourceQuality "1"]

1. e4 c5 2. Nf3 d6 3. d4 cxd4 4. Nxd4 Nf6 5. Nc3 a6 6. Be3 e5 7. Nb3 Be6 8. f3 h5 9. Qd2 Nbd7 10. Nd5 Bxd5 11. exd5 Qc7 12. c4 b6 13. Bd3 g6 14. 0-0 Bg7 15. Qf2 0-0 16. h3 a5 17. Nd2 Nc5 18. Bc2 Rfc8 19. Rad1 b5 20. cxb5 Rab8 21. a4 Nxd5 22. Ne4 Nxe3 23. Qxe3 Ne6 24. Bb3 Nd4 25. g4 Qe7 26. Bd5 Rc2 27. Rd2 Rbc8 28. b6 Rxd2 29. Qxd2 Rc2 30. Qxa5 Rxb2 31. Qa7 1-0